000 01099naa a22002897a 4500
001 BR7908851
003 BR-BrBNA
005 20240918174534.0
007 ta
008 230509b bl.||||| |||| 00| 0 por d
040 _aBR-BrBNA
_bpor
_cBiblioteca Nacional de Agricultura
041 _a(Pt)
072 _aE50; E30
_b/G514
090 _aE50 BR7908851
100 1 _aVirgolino, L. de G.
111 1 _aSeminario sobre o Papel do Municipio no Desenvolvimento Rural
_cRecife, PE (Brazil)
_d21-25 Aug 1978
245 1 _aPrograma de interiorizacao das acoes de saude e saneamento [politica governamental, Brasil]
260 3 _aRio de Janeiro, RJ (Brasil):
_c1979.
500 _aO municipio e o desenvolvimento rural Rio de Janeiro, RJ (Brasil): 1979. p. 77-85 (BR7908851-AM)E50
650 _aPROJETO DE DESENVOLVIMENTO
650 _aDESENVOLVIMENTO COMUNITARIO
650 _aSAUDE
650 _aSANEAMENTO RURAL
773 0 _tO municipio e o desenvolvimento rural
_wE50 BR7908851
_gRio de Janeiro, RJ (Brasil), 1979. p. 77-85
909 _a202404
_bLucia
_c55
_dLucia Elande
942 _cAM
_2AGRIS
999 _c311850
_d311850